Statistics for Minecraft Biomes by Picture #1

Click here to take the quiz!

General Stats

  • This quiz has been taken 17 times
  • The average score is 10 of 20

Answer Stats

Answer% Correct
Jungle
100%
River
63%
Frozen Ocean
56%
Mangrove Swamp
56%
Savanna
56%
Taiga
56%
Birch Forest
50%
Dripstone Caves
50%
Nether Wastes
50%
Snowy Beach
50%
Cold Ocean
44%
Crimson Forest
44%
Meadow
44%
Basalt Deltas
38%
Stony Shore
38%
Sunflower Plains
38%
Mushroom Fields
31%
Snowy Slopes
31%
Wooded Badlands
31%
Frozen Peaks
25%

Score Distribution

Percentile by Number Answered

Percent of People with Each Score

Your Score History

You have not taken this quiz